[Event "NB1 Maroczy csoport"]
[Site "Kecskemet"]
[Date "2024.12.01"]
[Round "3.7"]
[White "Dory, Jeno"]
[Black "Soos, Arpad"]
[Result "1/2-1/2"]
[WhiteElo "2142"]
[BlackElo "2342"]
[PlyCount "95"]
[GameId "2119380789525229"]
[EventDate "2024.11.03"]
[EventType "team-tourn"]
[EventRounds "11"]
[EventCountry "HUN"]
[Source "chess.hu"]
[WhiteTeam "Dr. Hetenyi Geza SK"]
[BlackTeam "Neumann J. Egyetem"]
[WhiteTeamCountry "HUN"]
[BlackTeamCountry "HUN"]

1. e4 c5 2. Nf3 d6 3. Bb5+ Bd7 4. Bxd7+ Qxd7 5. c4 Nc6 6. d4 cxd4 7. Nxd4 Nf6 8. Nc3 g6 9. f3 Bg7 10. Be3 O-O 11. O-O a6 12. a4 e6 13. Rb1 Ne5 14. b3 d5 15. exd5 exd5 16. Nxd5 Nxd5 17. cxd5 Qxd5 18. Nf5 Qxd1 19. Ne7+ Kh8 20. Rfxd1 Rfe8 21. Nd5 Rac8 22. Rd2 h5 23. Rbd1 b5 24. axb5 axb5 25. Kf2 Nc6 26. Rc2 Na5 27. Rxc8 Rxc8 28. b4 Nb3 29. Rd3 Rc2+ 30. Kg3 Nc1 31. Rd2 Rc4 32. Nb6 Rc6 33. Rd8+ Kh7 34. Bxc1 Rxb6 35. Rd5 Bf6 36. Be3 Rb7 37. Bd4 Kg7 38. Bxf6+ Kxf6 39. h4 Ke6 40. Rc5 f6 41. Kf4 Rb6 42. g4 hxg4 43. fxg4 Rd6 44. Ke4 Rd1 45. Rxb5 Rh1 46. Rb6+ Ke7 47. Rb7+ Ke6 48. Rb6+ 1/2-1/2

[Event "NB1 Maroczy csoport"]
[Site "Kecskemet"]
[Date "2024.12.01"]
[Round "3.8"]
[White "Siklosi, Zoltan"]
[Black "Gelle, Istvan"]
[Result "1/2-1/2"]
[WhiteElo "2272"]
[BlackElo "2136"]
[PlyCount "56"]
[GameId "2119380754856669"]
[EventDate "2024.11.03"]
[EventType "team-tourn"]
[EventRounds "11"]
[EventCountry "HUN"]
[Source "chess.hu"]
[WhiteTeam "Neumann J. Egyetem"]
[BlackTeam "Dr. Hetenyi Geza SK"]
[WhiteTeamCountry "HUN"]
[BlackTeamCountry "HUN"]

1. e4 c6 2. d4 d5 3. e5 Bf5 4. Nf3 e6 5. Be2 Nd7 6. O-O Ne7 7. Nbd2 h6 8. Nb3 Nc8 9. a4 Be7 10. a5 a6 11. Be3 O-O 12. Ne1 f6 13. f4 fxe5 14. fxe5 Bg5 15. Qd2 Bxe3+ 16. Qxe3 Ne7 17. Nd3 Qe8 18. Qg3 Bxd3 19. Bxd3 Qh5 20. h3 Rac8 21. Rxf8+ Rxf8 22. Rf1 Rxf1+ 23. Kxf1 Nf5 24. Bxf5 Qxf5+ 25. Qf2 Qe4 26. Qe2 Qf4+ 27. Qf2 Qe4 28. Qe2 Qf4+ 1/2-1/2

[Event "NB1 Maroczy csoport"]
[Site "Kecskemet"]
[Date "2024.12.01"]
[Round "3.9"]
[White "Baranyai, Szabolcs Jr."]
[Black "Marta, Dominik"]
[Result "0-1"]
[WhiteElo "2132"]
[BlackElo "2145"]
[PlyCount "62"]
[GameId "2119380721973965"]
[EventDate "2024.11.03"]
[EventType "team-tourn"]
[EventRounds "11"]
[EventCountry "HUN"]
[Source "chess.hu"]
[WhiteTeam "Dr. Hetenyi Geza SK"]
[BlackTeam "Neumann J. Egyetem"]
[WhiteTeamCountry "HUN"]
[BlackTeamCountry "HUN"]

1. d4 d5 2. c4 e6 3. Nf3 Nf6 4. g3 Be7 5. Bg2 O-O 6. O-O dxc4 7. Qc2 a6 8. Qxc4 b5 9. Qc2 Bb7 10. Bd2 Ra7 11. a3 Be4 12. Qc1 Nbd7 13. Nc3 Ba8 14. b4 Nb6 15. Rd1 Nc4 16. Bf4 Nd5 17. Nxd5 Qxd5 18. Ne1 Qh5 19. e4 f5 20. Bf3 Qf7 21. e5 a5 22. Rb1 axb4 23. axb4 Ra4 24. Bxa8 Rfxa8 25. Nd3 h6 26. Qc3 Ra3 27. Rb3 Qh5 28. Qc2 Ra2 29. Qc1 g5 30. Bd2 Qe2 31. Be1 Ne3 0-1

[Event "NB1 Maroczy csoport"]
[Site "Kecskemet"]
[Date "2024.12.01"]
[Round "3.10"]
[White "Lehocz, Jozsef Jr."]
[Black "Kormos, Andras"]
[Result "1-0"]
[WhiteElo "2054"]
[BlackElo "2037"]
[PlyCount "67"]
[GameId "2119380684503741"]
[EventDate "2024.11.03"]
[EventType "team-tourn"]
[EventRounds "11"]
[EventCountry "HUN"]
[Source "chess.hu"]
[WhiteTeam "Neumann J. Egyetem"]
[BlackTeam "Dr. Hetenyi Geza SK"]
[WhiteTeamCountry "HUN"]
[BlackTeamCountry "HUN"]

1. e4 c6 2. Nc3 d5 3. Nf3 g6 4. d4 dxe4 5. Nxe4 Bg7 6. h3 Nd7 7. Bc4 Ndf6 8. Ng3 Nd5 9. O-O Ngf6 10. Bb3 O-O 11. c4 Nc7 12. Bf4 b6 13. Re1 Bb7 14. Qe2 Re8 15. Rad1 e6 16. Bc2 Rc8 17. b3 b5 18. Ne5 Qe7 19. Bg5 Red8 20. Ne4 bxc4 21. Qf3 Nce8 22. Ng4 c5 23. Ngxf6+ Nxf6 24. Nxf6+ Kh8 25. Be4 h6 26. Bxb7 hxg5 27. Bxc8 Bxf6 28. Ba6 cxb3 29. d5 bxa2 30. d6 Rxd6 31. Rxd6 a1=Q 32. Rxa1 Bxa1 33. Qa8+ Kg7 34. Qd8 1-0

[Event "NB1 Maroczy csoport"]
[Site "Kecskemet"]
[Date "2024.12.01"]
[Round "3.11"]
[White "Schmied, Erik Rajmund"]
[Black "Panda, Barnabas"]
[Result "1/2-1/2"]
[WhiteElo "1806"]
[BlackElo "2100"]
[PlyCount "114"]
[GameId "2119380645685933"]
[EventDate "2024.11.03"]
[EventType "team-tourn"]
[EventRounds "11"]
[EventCountry "HUN"]
[Source "chess.hu"]
[WhiteTeam "Dr. Hetenyi Geza SK"]
[BlackTeam "Neumann J. Egyetem"]
[WhiteTeamCountry "HUN"]
[BlackTeamCountry "HUN"]

1. d4 Nf6 2. Nf3 e6 3. Bf4 c5 4. e3 b6 5. Nbd2 Bb7 6. Bd3 cxd4 7. exd4 d6 8. O-O Be7 9. h3 O-O 10. c4 Nbd7 11. Qe2 Re8 12. Ne4 Nxe4 13. Bxe4 Bxe4 14. Qxe4 d5 15. Qe2 Nf6 16. b3 Rc8 17. Rfd1 Qd7 18. Ne5 Qb7 19. Rac1 dxc4 20. bxc4 Red8 21. Ng4 Nxg4 22. Qxg4 Qe4 23. Be3 Qxg4 24. hxg4 f6 25. f4 Rd7 26. f5 exf5 27. gxf5 Rdc7 28. Bf4 Rxc4 29. Rxc4 Rxc4 30. Bb8 a6 31. d5 Bc5+ 32. Kh2 Kf7 33. d6 Rd4 34. Rxd4 Bxd4 35. Kg3 Ke8 36. Kf4 Kd7 37. Ke4 Be5 38. Kd5 b5 39. Bc7 g6 40. fxg6 hxg6 41. g4 Bg3 42. Bb8 Be1 43. Ba7 Bb4 44. Bd4 f5 45. gxf5 gxf5 46. Ke5 Bxd6+ 47. Kxf5 Kc6 48. Ke4 b4 49. Bb2 Kc5 50. Kd3 a5 51. Kc2 Kc4 52. Bf6 a4 53. Bg7 Bc5 54. Bh6 Bd4 55. Bf4 b3+ 56. axb3+ axb3+ 57. Kb1 b2 1/2-1/2

[Event "NB1 Maroczy csoport"]
[Site "Kecskemet"]
[Date "2024.12.01"]
[Round "3.12"]
[White "Balazs-Szalai, Renata"]
[Black "Berkes, Bori"]
[Result "1-0"]
[WhiteElo "1908"]
[BlackElo "1557"]
[PlyCount "87"]
[GameId "2119380603435677"]
[EventDate "2024.11.03"]
[EventType "team-tourn"]
[EventRounds "11"]
[EventCountry "HUN"]
[Source "chess.hu"]
[WhiteTeam "Neumann J. Egyetem"]
[BlackTeam "Dr. Hetenyi Geza SK"]
[WhiteTeamCountry "HUN"]
[BlackTeamCountry "HUN"]

1. d4 d5 2. c4 c6 3. Nc3 Nf6 4. Nf3 dxc4 5. a4 Bf5 6. e3 e6 7. Bxc4 Bb4 8. Qb3 a5 9. O-O Nbd7 10. Bd2 O-O 11. Ne2 Be7 12. Ng3 Bg6 13. Rac1 c5 14. Bc3 Qb6 15. Qxb6 Nxb6 16. Bb5 c4 17. Ne5 Rfc8 18. Nxg6 hxg6 19. e4 Bb4 20. Rfd1 Rc7 21. f3 Rd8 22. Kf2 Kf8 23. Nf1 Ne8 24. Bxb4+ axb4 25. a5 Nc8 26. Rxc4 Ncd6 27. Rxb4 Rc2+ 28. Be2 Ra8 29. Ne3 Rc7 30. Ra1 Ke7 31. Nc4 Nxc4 32. Rxc4 Kd6 33. Ke3 Rc6 34. b4 Nc7 35. Rxc6+ Kxc6 36. Rc1+ Kd6 37. f4 Rc8 38. Rc5 Kd7 39. b5 Re8 40. b6 Na6 41. Bb5+ Ke7 42. Bxe8 Nxc5 43. dxc5 Kxe8 44. a6 1-0

[Event "NB1 Maroczy csoport"]
[Site "Budapest"]
[Date "2024.12.01"]
[Round "3.2"]
[White "Polyik, Peter"]
[Black "Mester, Gyula"]
[Result "1/2-1/2"]
[WhiteElo "2346"]
[BlackElo "2290"]
[PlyCount "23"]
[GameId "2119487247332153"]
[EventDate "2024.11.03"]
[EventType "team-tourn"]
[EventRounds "11"]
[EventCountry "HUN"]
[Source "chess.hu"]
[WhiteTeam "Aquarena Kobanya  II"]
[BlackTeam "DEAC-Debr.Sakkiskola"]
[WhiteTeamCountry "HUN"]
[BlackTeamCountry "HUN"]

1. c4 c6 2. g3 d5 3. Nf3 Nf6 4. Bg2 g6 5. b3 Bg7 6. Bb2 O-O 7. O-O Nbd7 8. d4 Ne4 9. Nc3 Ndf6 10. e3 Nxc3 11. Bxc3 Ne4 12. Bb2 1/2-1/2

[Event "NB1 Maroczy csoport"]
[Site "Budapest"]
[Date "2024.12.01"]
[Round "3.5"]
[White "Laszlo, Janos"]
[Black "Halak, Miklos"]
[Result "0-1"]
[WhiteElo "2135"]
[BlackElo "2201"]
[PlyCount "76"]
[GameId "2119487511422059"]
[EventDate "2024.11.03"]
[EventType "team-tourn"]
[EventRounds "11"]
[EventCountry "HUN"]
[Source "chess.hu"]
[WhiteTeam "DEAC-Debr.Sakkiskola"]
[BlackTeam "Aquarena Kobanya  II"]
[WhiteTeamCountry "HUN"]
[BlackTeamCountry "HUN"]

1. d4 d5 2. c4 e6 3. Nc3 a6 4. cxd5 exd5 5. Qb3 c5 6. e4 c4 7. Qc2 Bb4 8. Bd2 Nf6 9. exd5 b5 10. Be2 Bb7 11. Bf3 O-O 12. Nge2 Nxd5 13. Be4 h6 14. O-O Ra7 15. a4 Re8 16. Ng3 Nf6 17. Rfe1 Nxe4 18. Ngxe4 Nc6 19. d5 Nd4 20. Qd1 f5 21. Nf6+ Qxf6 22. Rxe8+ Kf7 23. Be3 Bc5 24. Bxd4 Qxd4 25. Qxd4 Bxd4 26. Rae1 b4 27. R1e7+ Kg6 28. Nd1 Bxd5 29. Rxa7 Bxa7 30. Rd8 Be4 31. Rd6+ Kh7 32. Rxa6 Bd4 33. Rd6 Bxb2 34. Nxb2 c3 35. Nd3 Bxd3 36. a5 c2 37. Rc6 b3 38. a6 b2 0-1

[Event "NB1 Maroczy csoport"]
[Site "Budapest"]
[Date "2024.12.01"]
[Round "3.6"]
[White "Csernyik, Mark"]
[Black "Tran, David"]
[Result "0-1"]
[WhiteElo "2175"]
[BlackElo "2179"]
[PlyCount "94"]
[GameId "2119487546602631"]
[EventDate "2024.11.03"]
[EventType "team-tourn"]
[EventRounds "11"]
[EventCountry "HUN"]
[Source "chess.hu"]
[WhiteTeam "Aquarena Kobanya  II"]
[BlackTeam "DEAC-Debr.Sakkiskola"]
[WhiteTeamCountry "HUN"]
[BlackTeamCountry "HUN"]

1. e4 e5 2. Nf3 Nc6 3. d4 exd4 4. Nxd4 Nf6 5. Nxc6 bxc6 6. e5 Qe7 7. Qe2 Nd5 8. h4 f6 9. c4 Ba6 10. exf6 Nxf6 11. Nc3 d5 12. Qxe7+ Bxe7 13. cxd5 Bxf1 14. Kxf1 cxd5 15. Bf4 c5 16. g3 d4 17. Nb5 Nd5 18. Nc7+ Nxc7 19. Bxc7 Kd7 20. Be5 Bf6 21. Bxf6 gxf6 22. Ke2 Kd6 23. Kd3 Kd5 24. b3 a5 25. Rac1 Rhb8 26. Rc4 a4 27. Rhc1 Ra5 28. b4 Rxb4 29. Rxb4 cxb4 30. Rb1 b3 31. axb3 a3 32. g4 a2 33. Ra1 Kc5 34. f4 Kb4 35. Kxd4 Kxb3 36. g5 Ra4+ 37. Ke3 f5 38. h5 Kb2 39. Rd1 a1=Q 40. Rxa1 Kxa1 41. Kf3 Ra3+ 42. Kg2 Kb2 43. g6 hxg6 44. h6 Ra7 45. Kg3 Rh7 46. Kh4 Rxh6+ 47. Kg5 Rh8 0-1

[Event "NB1 Maroczy csoport"]
[Site "Budapest"]
[Date "2024.12.01"]
[Round "3.7"]
[White "Szilagyi, Norbert"]
[Black "Karacsonyi, Kata"]
[Result "1-0"]
[WhiteElo "2122"]
[BlackElo "2239"]
[PlyCount "79"]
[GameId "2119487629636771"]
[EventDate "2024.11.03"]
[EventType "team-tourn"]
[EventRounds "11"]
[EventCountry "HUN"]
[Source "chess.hu"]
[WhiteTeam "DEAC-Debr.Sakkiskola"]
[BlackTeam "Aquarena Kobanya  II"]
[WhiteTeamCountry "HUN"]
[BlackTeamCountry "HUN"]

1. e4 c5 2. Nf3 d6 3. d4 cxd4 4. Qxd4 a6 5. c4 Nc6 6. Qd2 Nf6 7. Nc3 g6 8. b3 Bg7 9. Bb2 O-O 10. Be2 Bg4 11. O-O Qa5 12. Rfd1 Qh5 13. h3 Bxf3 14. Bxf3 Qh4 15. Rab1 Ne5 16. Qe3 Bh6 17. Qe2 g5 18. Nd5 Nxd5 19. Rxd5 Qf4 20. Bxe5 dxe5 21. Rbd1 e6 22. Rd7 Rab8 23. c5 Qf6 24. Qd3 a5 25. a3 Qg6 26. Qc4 Bg7 27. R1d6 Bf6 28. Rb6 Rfd8 29. Rbxb7 Rxb7 30. Rxb7 g4 31. Bxg4 Rd4 32. Qc3 Qxe4 33. c6 Qb1+ 34. Kh2 Bd8 35. c7 Bxc7 36. Qxc7 Qg6 37. Qxe5 Rd8 38. Rb8 Rxb8 39. Qxb8+ Kg7 40. Qe5+ 1-0

[Event "NB1 Maroczy csoport"]
[Site "Budapest"]
[Date "2024.12.01"]
[Round "3.8"]
[White "Foldes, Marton Gabor"]
[Black "Mate, Balazs"]
[Result "1-0"]
[WhiteElo "2261"]
[BlackElo "2062"]
[PlyCount "55"]
[GameId "2119487693554879"]
[EventDate "2024.11.03"]
[EventType "team-tourn"]
[EventRounds "11"]
[EventCountry "HUN"]
[Source "chess.hu"]
[WhiteTeam "Aquarena Kobanya  II"]
[BlackTeam "DEAC-Debr.Sakkiskola"]
[WhiteTeamCountry "HUN"]
[BlackTeamCountry "HUN"]

1. e4 c5 2. Nf3 Nc6 3. d4 cxd4 4. Nxd4 Nf6 5. Nc3 g6 6. Nxc6 bxc6 7. e5 Nh5 8. Bc4 Qa5 9. Qe2 f5 10. Bd2 Qc7 11. g4 Ng7 12. gxf5 Nxf5 13. Ne4 Bg7 14. f4 Bb7 15. Bc3 Qb6 16. Nf6+ Kd8 17. O-O-O d5 18. exd6 exf6 19. Rhe1 a5 20. Bf7 Bc8 21. d7 Bxd7 22. Qe6 Ra7 23. Be8 Kc8 24. Bxd7+ Kb8 25. Bxf6 Rf8 26. Bxg7 Nxg7 27. Qd6+ Kb7 28. Qxf8 1-0

[Event "NB1 Maroczy csoport"]
[Site "Budapest"]
[Date "2024.12.01"]
[Round "3.9"]
[White "Donka, Peter"]
[Black "Szabo, Marton Nandor"]
[Result "1/2-1/2"]
[WhiteElo "1980"]
[BlackElo "1942"]
[PlyCount "85"]
[GameId "2119487732856031"]
[EventDate "2024.11.03"]
[EventType "team-tourn"]
[EventRounds "11"]
[EventCountry "HUN"]
[Source "chess.hu"]
[WhiteTeam "DEAC-Debr.Sakkiskola"]
[BlackTeam "Aquarena Kobanya  II"]
[WhiteTeamCountry "HUN"]
[BlackTeamCountry "HUN"]

1. d4 Nf6 2. Nc3 d5 3. Bf4 Bf5 4. e3 e6 5. Bd3 Bg6 6. Nf3 Bd6 7. Ne5 Nbd7 8. Nxg6 hxg6 9. Bxd6 cxd6 10. Qf3 a6 11. O-O Nb6 12. Rfd1 Qc7 13. g3 O-O 14. e4 dxe4 15. Nxe4 Nxe4 16. Bxe4 d5 17. Bd3 Nc4 18. Rab1 Qa5 19. Bxc4 dxc4 20. a3 Qd5 21. Qg4 b5 22. Re1 Rad8 23. c3 Qf5 24. Qxf5 gxf5 25. Re5 Rd6 26. Rc5 Rb8 27. a4 bxa4 28. Rxc4 a3 29. b4 a5 30. b5 Rd5 31. Ra4 Rdxb5 32. Rxb5 Rxb5 33. Rxa3 e5 34. Kg2 exd4 35. cxd4 Rd5 36. Ra4 Kf8 37. Kf3 Ke7 38. Ke3 Kd6 39. Rc4 g6 40. Rc8 Rb5 41. Rd8+ Ke6 42. h4 Rb3+ 43. Ke2 1/2-1/2

[Event "NB1 Maroczy csoport"]
[Site "Budapest"]
[Date "2024.12.01"]
[Round "3.10"]
[White "Minga-Nagy, Abel Inti"]
[Black "Nandin-Erdene, Davaademberel"]
[Result "1/2-1/2"]
[WhiteElo "2028"]
[BlackElo "1928"]
[PlyCount "78"]
[GameId "2119487776765179"]
[EventDate "2024.11.03"]
[EventType "team-tourn"]
[EventRounds "11"]
[EventCountry "HUN"]
[Source "chess.hu"]
[WhiteTeam "Aquarena Kobanya  II"]
[BlackTeam "DEAC-Debr.Sakkiskola"]
[WhiteTeamCountry "HUN"]
[BlackTeamCountry "HUN"]

1. e4 c5 2. Nf3 Nc6 3. Bb5 a6 4. Bxc6 dxc6 5. d3 Nf6 6. Bg5 Qc7 7. Nbd2 g6 8. e5 Nd5 9. c4 Nb6 10. Ne4 Bf5 11. Nxc5 Nxc4 12. O-O Nxe5 13. Nxe5 Qxe5 14. d4 Qc7 15. b4 Bg7 16. Re1 f6 17. Bh4 O-O 18. g4 Bc8 19. Bg3 e5 20. g5 fxg5 21. dxe5 h5 22. e6 Qb6 23. Qb3 Re8 24. Nd7 Qb5 25. e7+ Qd5 26. Nb6 Qxb3 27. axb3 Bxa1 28. Nxa8 Bc3 29. Nc7 Bxe1 30. Nxe8 Kf7 31. Nd6+ Kxe7 32. Nxc8+ Ke6 33. b5 axb5 34. Kf1 Bb4 35. Nb6 Ba5 36. Nc8 Bb4 37. f3 Bc5 38. Bf2 Bb4 39. Ke2 Kd7 1/2-1/2

[Event "NB1 Maroczy csoport"]
[Site "Budapest"]
[Date "2024.12.01"]
[Round "3.11"]
[White "Balazs, Marcell"]
[Black "Karacsonyi, Bank"]
[Result "1-0"]
[WhiteElo "1975"]
[BlackElo "2117"]
[PlyCount "65"]
[GameId "2119487814092055"]
[EventDate "2024.11.03"]
[EventType "team-tourn"]
[EventRounds "11"]
[EventCountry "HUN"]
[Source "chess.hu"]
[WhiteTeam "DEAC-Debr.Sakkiskola"]
[BlackTeam "Aquarena Kobanya  II"]
[WhiteTeamCountry "HUN"]
[BlackTeamCountry "HUN"]

1. d4 Nf6 2. c4 e6 3. Nc3 Bb4 4. f3 d5 5. a3 Be7 6. e4 dxe4 7. fxe4 e5 8. d5 Ng4 9. Be2 h5 10. Nf3 Bc5 11. b4 Bf2+ 12. Kf1 Qf6 13. Qd3 Bd4 14. Bg5 Qg6 15. Qd2 f6 16. Nxd4 exd4 17. Nb5 fxg5 18. Bxg4 Bxg4 19. Nxc7+ Kd8 20. Nxa8 Rf8+ 21. Kg1 Qf6 22. Re1 d3 23. e5 Qf5 24. e6 Be2 25. h3 Qe5 26. Rh2 Qg3 27. Rxe2 dxe2 28. Qxe2 Ke7 29. c5 Rf5 30. d6+ Kf6 31. e7 Qc3 32. e8=Q Qd4+ 33. Q8e3 1-0

[Event "NB1 Maroczy csoport"]
[Site "Budapest"]
[Date "2024.12.01"]
[Round "3.12"]
[White "Szarvas, Nora"]
[Black "Fazokan, Marcell"]
[Result "1/2-1/2"]
[WhiteElo "2009"]
[BlackElo "2000"]
[PlyCount "104"]
[GameId "2119487860098355"]
[EventDate "2024.11.03"]
[EventType "team-tourn"]
[EventRounds "11"]
[EventCountry "HUN"]
[Source "chess.hu"]
[WhiteTeam "Aquarena Kobanya  II"]
[BlackTeam "DEAC-Debr.Sakkiskola"]
[WhiteTeamCountry "HUN"]
[BlackTeamCountry "HUN"]

1. e4 c6 2. d4 d5 3. e5 c5 4. c3 Nc6 5. Be3 cxd4 6. cxd4 Nh6 7. Nc3 Nf5 8. Qd2 g6 9. Nf3 h5 10. Bd3 Nxe3 11. fxe3 Bh6 12. O-O Bf5 13. Rac1 e6 14. Qe2 Rc8 15. Nb5 Bf8 16. e4 dxe4 17. Bxe4 a6 18. Bxc6+ Rxc6 19. Rxc6 bxc6 20. Nc3 Qb6 21. Rd1 Be7 22. Na4 Qb5 23. Nc3 Qxe2 24. Nxe2 Kd7 25. Kf2 Rb8 26. b3 a5 27. Nc3 g5 28. Nd2 Bb4 29. Nce4 Ke7 30. Ke3 g4 31. Rc1 Rc8 32. Nc4 c5 33. Ned6 cxd4+ 34. Kxd4 Rc5 35. Rf1 Rd5+ 36. Ke3 Bc5+ 37. Kf4 Bd3 38. Re1 Bxc4 39. Nxc4 f6 40. exf6+ Kxf6 41. Re2 e5+ 42. Kg3 Bd4 43. Kh4 Kf5 44. h3 Kf4 45. Nd2 Rd8 46. Kxh5 Rh8+ 47. Kg6 gxh3 48. gxh3 Rxh3 49. Re4+ Kg3 50. Nc4 Kf3 51. Nd2+ Kf2 52. Nc4 Kf3 1/2-1/2

[Event "NB1 Maroczy csoport"]
[Site "Nyiregyhaza"]
[Date "2024.12.01"]
[Round "3.1"]
[White "Borocz, Istvan"]
[Black "Varadi, Viktor"]
[Result "1/2-1/2"]
[WhiteElo "2306"]
[BlackElo "2358"]
[PlyCount "132"]
[GameId "2119378986973256"]
[EventDate "2024.11.03"]
[EventType "team-tourn"]
[EventRounds "11"]
[EventCountry "HUN"]
[Source "chess.hu"]
[WhiteTeam "HUSI SC"]
[BlackTeam "NYVSC"]
[WhiteTeamCountry "HUN"]
[BlackTeamCountry "HUN"]

1. e4 c5 2. Nf3 e6 3. d4 cxd4 4. Nxd4 a6 5. Be2 Nf6 6. Nc3 d6 7. O-O Be7 8. f4 Nc6 9. Be3 O-O 10. Qe1 Qc7 11. Qg3 Nxd4 12. Bxd4 b5 13. a3 Bb7 14. Rae1 Rad8 15. Kh1 Rd7 16. Bf3 Ne8 17. Qf2 Qd8 18. Rd1 Bf6 19. Bb6 Qc8 20. Rd3 Bc6 21. Ba5 Bd8 22. Bxd8 Qxd8 23. Rfd1 Qc7 24. Qd2 Qb7 25. e5 Bxf3 26. Rxf3 f5 27. Rd3 d5 28. Ne2 Qb6 29. Nd4 Rc7 30. Qb4 Rff7 31. c3 Rc4 32. Qb3 Nc7 33. Qc2 a5 34. b3 Rc5 35. b4 Rc4 36. Qf2 a4 37. Qh4 Ne8 38. g4 fxg4 39. Qxg4 Nc7 40. Rg3 Qa6 41. Rdg1 Qc8 42. Qh5 Ne8 43. Rh3 Rxc3 44. Qxh7+ Kf8 45. Qh8+ Ke7 46. Qh4+ Kd7 47. f5 Rxf5 48. Nxf5 exf5 49. e6+ Kd6 50. Rxc3 Qxc3 51. Re1 g5 52. Qf2 Ke7 53. Rd1 Qe5 54. Re1 Qc3 55. Rf1 Nd6 56. Qg2 Kxe6 57. Qxg5 Qxa3 58. Qg6+ Kd7 59. Qg7+ Kc6 60. Qd4 Qb3 61. Rc1+ Kd7 62. Qg7+ Ke6 63. Qg6+ Kd7 64. Qg7+ Ke6 65. Qh6+ Kd7 66. Qg7+ Ke6 1/2-1/2

[Event "NB1 Maroczy csoport"]
[Site "Nyiregyhaza"]
[Date "2024.12.01"]
[Round "3.2"]
[White "Varga, Csaba Zoltan"]
[Black "Budai, David"]
[Result "1-0"]
[WhiteElo "2207"]
[BlackElo "2322"]
[PlyCount "83"]
[GameId "2119379082299480"]
[EventDate "2024.11.03"]
[EventType "team-tourn"]
[EventRounds "11"]
[EventCountry "HUN"]
[Source "chess.hu"]
[WhiteTeam "NYVSC"]
[BlackTeam "HUSI SC"]
[WhiteTeamCountry "HUN"]
[BlackTeamCountry "HUN"]

1. Nf3 c5 2. g3 g6 3. c4 Bg7 4. Bg2 Nc6 5. Nc3 d6 6. Rb1 Bf5 7. d3 Nf6 8. O-O Qd7 9. Bg5 h6 10. Bxf6 Bxf6 11. Nd5 Bg7 12. Qa4 Rc8 13. a3 O-O 14. b4 b6 15. Kh1 Rfe8 16. b5 Na5 17. Nd2 Bg4 18. Rbe1 h5 19. Ne4 Qd8 20. Qc2 e6 21. Ne3 f5 22. Nd2 Bh6 23. f4 g5 24. Rf2 Rc7 25. Rg1 Rg7 26. Ndf1 gxf4 27. gxf4 Qh4 28. Ng3 Rf8 29. Bf1 e5 30. Nd5 Rff7 31. e3 Qd8 32. Be2 h4 33. Nh5 Bxh5 34. Bxh5 Rxg1+ 35. Kxg1 Rg7+ 36. Rg2 h3 37. Rxg7+ Bxg7 38. Qf2 e4 39. Be2 Nb3 40. dxe4 fxe4 41. Qg3 Nd2 42. Qxh3 1-0

[Event "NB1 Maroczy csoport"]
[Site "Nyiregyhaza"]
[Date "2024.12.01"]
[Round "3.3"]
[White "Erdelyi, Zombor"]
[Black "Okhotnik, Vladimir"]
[Result "1-0"]
[WhiteElo "2260"]
[BlackElo "2252"]
[PlyCount "101"]
[GameId "2119379118082152"]
[EventDate "2024.11.03"]
[EventType "team-tourn"]
[EventRounds "11"]
[EventCountry "HUN"]
[Source "chess.hu"]
[WhiteTeam "HUSI SC"]
[BlackTeam "NYVSC"]
[WhiteTeamCountry "HUN"]
[BlackTeamCountry "HUN"]

1. e4 c6 2. d4 g6 3. Nf3 Bg7 4. Bd3 d5 5. e5 Nh6 6. h3 O-O 7. Nbd2 f6 8. Nb3 Nf7 9. Qe2 fxe5 10. dxe5 c5 11. c4 b5 12. cxd5 c4 13. Be4 Nxe5 14. Nxe5 Qd6 15. Nxc4 bxc4 16. Qxc4 Ba6 17. Qc5 Nd7 18. Qxd6 exd6 19. Be3 Bxb2 20. Rb1 Bc3+ 21. Kd1 Nb6 22. f3 Rfc8 23. h4 Na4 24. h5 Bb4 25. Bd4 g5 26. Rc1 Nc3+ 27. Bxc3 Bxc3 28. Bf5 Rc7 29. Re1 Rc4 30. Bd3 Bxe1 31. Bxc4 Bxc4 32. Rxc4 Bf2 33. Nd2 Bc5 34. Ne4 h6 35. Kc2 Rb8 36. Nxc5 Rc8 37. Kd3 dxc5 38. Re4 Rb8 39. Kc4 Rb2 40. Kxc5 Rxa2 41. d6 Kf7 42. d7 Rd2 43. Kc6 Rc2+ 44. Kb7 Rd2 45. Kc8 Rc2+ 46. Kd8 a5 47. Re7+ Kf8 48. Re5 Kf7 49. g4 Rd2 50. Rxa5 Rd3 51. Ra6 1-0

[Event "NB1 Maroczy csoport"]
[Site "Nyiregyhaza"]
[Date "2024.12.01"]
[Round "3.4"]
[White "Oros, Robert"]
[Black "Biro, David"]
[Result "0-1"]
[WhiteElo "2196"]
[BlackElo "2252"]
[PlyCount "124"]
[GameId "2119379156998264"]
[EventDate "2024.11.03"]
[EventType "team-tourn"]
[EventRounds "11"]
[EventCountry "HUN"]
[Source "chess.hu"]
[WhiteTeam "NYVSC"]
[BlackTeam "HUSI SC"]
[WhiteTeamCountry "HUN"]
[BlackTeamCountry "HUN"]

1. d4 g6 2. e4 Bg7 3. Nc3 d6 4. f4 Nc6 5. Be3 e6 6. Nf3 d5 7. e5 h5 8. Qd2 a6 9. g3 Na5 10. b3 b6 11. Rg1 Bf8 12. h3 c5 13. Ne2 Qc7 14. Kf2 Bd7 15. g4 hxg4 16. hxg4 Ne7 17. Ng3 Nec6 18. c3 cxd4 19. cxd4 Ba3 20. Be2 Nb4 21. Rh1 O-O-O 22. Rac1 Nac6 23. Ng5 Rxh1 24. Rxh1 Rf8 25. Rh7 Nd8 26. f5 gxf5 27. gxf5 exf5 28. Nf3 a5 29. Ne1 Qc6 30. Rh6 Qc7 31. Rf6 Rg8 32. Bf4 Ne6 33. Nxf5 Kb8 34. Be3 Nd8 35. Nd6 Bc6 36. Ng2 Qd7 37. Nf4 Rh8 38. Bh5 Rxh5 39. Nxh5 Qh3 40. Nf4 Qh2+ 41. Ng2 Qh7 42. Rh6 Qb1 43. Rh8 Kc7 44. Nf4 Nxa2 45. Nxd5+ Bxd5 46. Nb5+ Kd7 47. Nxa3 Qxb3 48. Nc2 Nc3 49. Kg1 Qb1+ 50. Ne1 Qg6+ 51. Ng2 Nc6 52. Rh6 Qg4 53. Rd6+ Kc7 54. Rxd5 Nxd5 55. Bf2 b5 56. Qh6 Qe6 57. Qf8 b4 58. Ne3 Qg6+ 59. Kh2 Qh5+ 60. Kg1 Qg5+ 61. Ng2 Qe7 62. Qh6 b3 0-1

[Event "NB1 Maroczy csoport"]
[Site "Nyiregyhaza"]
[Date "2024.12.01"]
[Round "3.5"]
[White "Honos, Attila"]
[Black "Varga, Marcell"]
[Result "1/2-1/2"]
[WhiteElo "2178"]
[BlackElo "2158"]
[PlyCount "74"]
[GameId "2119379197274248"]
[EventDate "2024.11.03"]
[EventType "team-tourn"]
[EventRounds "11"]
[EventCountry "HUN"]
[Source "chess.hu"]
[WhiteTeam "HUSI SC"]
[BlackTeam "NYVSC"]
[WhiteTeamCountry "HUN"]
[BlackTeamCountry "HUN"]

1. d4 Nf6 2. Bg5 d5 3. Bxf6 exf6 4. e3 Bd6 5. c4 dxc4 6. Bxc4 O-O 7. Nc3 f5 8. Nf3 c6 9. O-O Nd7 10. Re1 Nf6 11. Qc2 Qe7 12. Rad1 Ne4 13. Bd3 Re8 14. Qe2 Bd7 15. Nd2 Nxd2 16. Qxd2 Qg5 17. Qc2 Qh5 18. g3 Rad8 19. Be2 Qg6 20. Bf3 Bb8 21. Qb3 Bc8 22. Ne2 Qe6 23. Qa4 Qf6 24. Nc3 Be6 25. Qb4 Qe7 26. Qxe7 Rxe7 27. d5 cxd5 28. Bxd5 Red7 29. Bxb7 Rxd1 30. Rxd1 Rxd1+ 31. Nxd1 Bxa2 32. Nc3 Bc4 33. Bd5 Bd3 34. f4 Bd6 35. Kf2 Bb4 36. Ne2 Bxe2 37. Kxe2 Kf8 1/2-1/2